<?xml version="1.0" encoding="UTF-8"?>
<marc:record xmlns:marc="http://www.loc.gov/MARC21/slim">
   <marc:leader>00000nam a2200000 a 4500</marc:leader>
   <marc:datafield ind1="1" ind2=" " tag="100">
      <marc:subfield code="a">Glines, Abbi</marc:subfield>
      <marc:subfield code="4">aut</marc:subfield>
      <marc:subfield code="e">Verfasser/-in</marc:subfield>
   </marc:datafield>
   <marc:datafield ind1="0" ind2="0" tag="245">
      <marc:subfield code="a">Rush of Love 03. Vereint</marc:subfield>
   </marc:datafield>
   <marc:datafield ind1=" " ind2="1" tag="264">
      <marc:subfield code="b">Piper</marc:subfield>
      <marc:subfield code="c">2013</marc:subfield>
   </marc:datafield>
   <marc:datafield ind1="1" ind2=" " tag="520">
      <marc:subfield code="a">Alles scheint endlich perfekt: Blaire ist mit ihrer großen Liebe Rush verlobt und trägt sein Kind unter ihrem Herzen. Sie hat in Rosemary Beach echte Freunde gefunden und sogar damit begonnen, die verkorkste Beziehung zu ihrem Vater zu kitten. Doch ein erster Schatten fällt auf das Glück der beiden Liebenden, als Rushs Vater auftaucht, um ihn um Hilfe zu bitten, und schon bald ziehen noch dunklere Gewitterwolken auf à</marc:subfield>
   </marc:datafield>
   <marc:datafield ind1=" " ind2=" " tag="020">
      <marc:subfield code="a">9783492304689</marc:subfield>
      <marc:subfield code="9">9783492304689</marc:subfield>
   </marc:datafield>
</marc:record>
